Name That WWE Stable - Statistics

General Stats
  • This quiz has been taken 2,423 times
  • The average score is 9 of 18
Answer Stats
Wrestlers Group Name % Correct
Seth Rollins, Roman Reigns & Dean Ambrose The Shield
99%
Wade Barrett, Justin Gabriel, David Otunga, Heath Slater etc. The Nexus
93%
Shawn Michaels, Triple H, Chyna, Road Dogg, X-Pac, Billy Gunn D-Generation X
88%
Faarooq, Rocky Maivia, Kama, D'Lo Brown, Mark Henry, etc. The Nation of Domination
63%
CM Punk, Luke Gallows, Serena & Joseph Mercury The Straight Edge Society
63%
CM Punk, Mason Ryan, Michael McGillicutty & David Otunga The New Nexus
60%
Wade Barrett, Ezekiel Jackson, Justin Gabriel & Heath Slater The Corre
59%
Kenny, Nicky, Mikey, Johnny & Mitch The Spirit Squad
56%
Rob Van Dam, Sabu, Tommy Dreamer & The Sandman The ECW Originals
35%
Gangrel, Matt Hardy & Jeff Hardy The New Brood
32%
Lance Storm, Christian, Test & William Regal The Un-Americans
32%
Heath Slater, Bo Dallas, Adam Rose & Curtis Axel The Social Outcasts
29%
Bobby Heenan, Andre the Giant, Rick Rude, The Brain Busters etc. The Heenan Family
28%
JBL, Orlando Jordan, Jillian Hall & The Basham Brothers The Cabinet
27%
Joey Abs, Rodney & Pete Gas The Mean Street Posse
27%
X-Pac, Justin Credible & Albert X-Factor
27%
Al Snow, Bob Holly, Gillberg, Scorpio & The Blue Meanie The J.O.B. Squad
25%
Crush, Chainz, Skull & 8-Ball The Disciples of Apocalypse
15%
No matching quizzes found
Score Distribution
Percent of People with Each Score
Percentile by Number Answered
Your Score History
You have not taken this quiz